02634nam a2200277 a 450000100190000000500170001900800410003602000180007703500250009503500210012004000260014104100080016705000260017510000590020124500500026026000360031030000230034649000230036949000490039252008900044152008750133165000340220694200080224095200930224899900150234199102595354970670620250514140816.0040618s2003 spc|||||| 000 f|spa  a9788497594455 a(ES-BaCBU).b31541252 a(OCoLC)803668027 aES-BaBCbcatcES-BaBC aspa aPQ6672.A89 bE74 2002 aVázquez Montalbán, Manueld1939-200397773eauthor10aErec y Enidec/ Manuel Vázquez Montalbán. aBarcelona :bDebolsillo,c2003. a252 pages ;c19 cm aBest seller ;v511 aBiblioteca Manuel Vázquez Montalbán ;v1 aTres historias que se entrecruzan; tres narraciones independientes que comparten y escenifican el mismo tópico común: la soledad. La soledad de Madrona, mujer de la alta burguesía barcelonesa en sus intentos por reunificar a la familia alrededor de la mesa de Navidad. La soledad de Julio Matasanz, su marido, especialista en literatura medieval y prisionero de su ensimismamiento y sus costumbres. La soledad de Pedro, ahijado de ambos, y Myriam, su mujer, modernos Erec y Enide que se debaten entre su futuro y su presente en medio de la selva guatemalteca. Como en casi toda la obra de Vázquez Montalbán, vida y cultura no siempre se compaginan, y en este caso, como en la leyenda artúrica que da título al libro, propone la necesidad de construir las relaciones, de alimentarlas día tras día, para que los avatares de la existencia no acaben por destruir el amor. aThree interwoven stories; three independent narratives that share and portray the same central theme: loneliness. The loneliness of Madrona, a woman from Barcelona’s upper bourgeoisie, in her attempts to reunite the family around the Christmas table. The loneliness of Julio Matasanz, her husband, a specialist in medieval literature, imprisoned by his introspection and routines. The loneliness of Pedro, their godson, and Myriam, his wife—modern-day Erec and Enide—caught between their future and present in the midst of the Guatemalan jungle. As in much of Vázquez Montalbán’s work, life and culture do not always go hand in hand, and in this case—just as in the Arthurian legend that gives the book its title—the story suggests the need to build relationships and to nourish them day by day, so that the trials of life do not end up destroying love. 0aFamily relationshipsvFiction 2lcc 00102lcc4070aTBSbTBSd2025-05-14l0oP-SP VAZpB02818r2025-05-14t1w2025-05-14y1 c4666d4666